Příspěvek k systematizaci způsobů řízení zásob

Systém riadenia zásob od podniku k zákazníkovi. Riadenie zásob pre nezávislú ponuku. Položky systému riadenia zásob: objednávacie systémy, plán potreby dodávok a hlavný výrobný plán. Prepočet závislej ponuky. Manažment zásob časti sortimentu.

Salvato in:
Dettagli Bibliografici
Autore principale: Kubát, Jiří
Natura: Libro
Lingua:ceco
Soggetti:
Tags: Aggiungi Tag
Nessun Tag, puoi essere il primo ad aggiungerne!!

MARC

LEADER 00000nam a2200000 4500
001 r031949
005 20230922090132.3
041 0 |a cze 
044 |a CZ 
245 1 0 |a Příspěvek k systematizaci způsobů řízení zásob  |c Jiří Kubát 
520 |a Systém riadenia zásob od podniku k zákazníkovi. Riadenie zásob pre nezávislú ponuku. Položky systému riadenia zásob: objednávacie systémy, plán potreby dodávok a hlavný výrobný plán. Prepočet závislej ponuky. Manažment zásob časti sortimentu. 
610 2 0 |a zásoby 
610 2 0 |a riadenie zásob 
610 2 0 |a manažment strategický 
610 2 0 |a ponuka 
100 1 |a Kubát, Jiří